| 000 | 01618cab a22002895a 4500 | ||
|---|---|---|---|
| 001 | L148457 | ||
| 008 | 090921s2009 xxkd f 000 0 eng d | ||
| 035 | _a(Sirsi) u148457 | ||
| 041 | 0 | _aeng | |
| 100 | 1 | _aMcGreevy, Gill | |
| 245 | 0 | 0 | _aRent deposit agreements and insolvency |
| 260 | _c2009 | ||
| 490 | 0 |
_aLovells Real Estate Quarterly _vSummer 2009, 3-7(5) |
|
| 520 | _aRent deposits are often taken to protect against non-payment of rent but how accessible are these deposits when either the landlord?s or the tenant?s solvency becomes problematical? Considers the most common forms of rent deposit agreements (RDAs) ? commingling, charge and trust - and the extent to which each type achieves both the landlord?s and tenant?s objectives and complies with the ?Code for Leasing Business Premises in England and Wales 2007". Looks at what happens when premises are sold by an insolvency practitioner. Tables cover the characteristics of the three RDA forms. | ||
| 590 | _aKA | ||
| 650 | 2 | 4 | _aCODE FOR LEASING BUSINESS PREMISES IN ENGLAND AND WALES 2007 |
| 650 | 2 | 4 | _aCOMPANIES ACT 1985 S395 |
| 650 | 2 | 4 | _aCOMPANIES ACT 2006 PART 25 |
| 650 | 2 | 4 | _aFINANCIAL COLLATERAL ARRANGEMENTS (NO 2) REGULATIONS 2003 |
| 650 | 2 | 4 | _aRE GREENPORT LTD AND OBARAY V GATEWAY (LONDON) LTD |
| 650 | 2 | 4 | _aINSOLVENCY RULES 1996 |
| 650 | 2 | 4 | _aLANDLORD AND TENANT (COVENANTS) ACT 1995 |
| 651 | 4 |
_aEngland and Wales _y1543- |
|
| 690 | _aPROPERTY-COMMERCIAL PROPERTY-LEASEHOLD COMMERCIAL PROPERTY-COMMERCIAL LANDLORD AND TENANT-COMMERCIAL LEASES-BREACHING COMMERCIAL LEASES | ||
| 700 | 1 | _aHawthorn, Douglas | |
| 942 | _n0 | ||
| 999 |
_c81847 _d81847 |
||